000 00654nam a2200205Ii 4500
003 JO-AjNU
008 230605s9999||||xx |||||||||||||| ||und||
040 _aJO-AjNU
_bara
_erda
_cJO-AjNU
041 _aara
050 1 4 _aBF637.2007
100 3 _aعبد الهادي،احلام فتحي,
_eauthor
_922056
245 0 0 _aلغة الجسد
250 _aالطبعة العربية الاولى
264 3 1 _aعمان:مركز الكتاب الاكاديمي،2007
300 _a200ص
336 _atext
_btxt
_2rdacontent
337 _aunmediated
_bn
_2rdamedia
338 _avolume
_bnc
_2rdacarrier
650 4 _aعلم النفس-السلوك
_922057
999 _aA7765
_c11333
_d11333